000 00818pam a2200253 a 4500
001 4397123
003 OSt
005 20161028183032.0
008 921028s1993 nyua b 001 0 eng
010 _a 92036083
020 _a006042995X
040 _aDLC
_cDLC
_dDLC
050 0 0 _aQD151.2
_b.H84 1993
082 0 0 _a546
_220
_bINO 2006
100 1 _aJames E. Huheey; Ellen A. Keiter; Richard L. Keiter.
_94236
245 1 0 _aInorganic chemistry :
_bprinciples of structure and reactivity
250 _a4th ed.
260 _aNew York;
_bHarperCollins College Publishers,
_c2006.
300 _axvii, 964, A-88 p. :
_bill. ;
_c27 cm.
504 _aIncludes bibliographical references and index.
650 0 _aChemistry, Inorganic.
_98270
906 _a7
_bcbc
_corignew
_d1
_eocip
_f19
_gy-gencatlg
942 _2ddc
_cSLOAN
999 _c3980
_d3980